Child Protection/ (Record no. 202713)

MARC details
000 -LEADER
fixed length control field 00411 a2200157 4500
005 - DATE AND TIME OF LATEST TRANSACTION
control field 20240506165916.0
010 ## - LCCN (DPL NO)
LC control number B-758869
035 ## - SYSTEM CONTROL NUMBER
System control number B-758869
037 ## - SOURCE OF ACQUISITION
Source of stock number/acquisition Gift/Unesco
082 ## - DEWEY DECIMAL CLASSIFICATION NUMBER
Classification number 362.76
245 ## - TITLE STATEMENT
Title Child Protection/
260 ## - PUBLICATION, DISTRIBUTION, ETC. (IMPRINT)
Name of publisher, distributor, etc Unicef
Date of publication, distribution, etc 2004
300 ## - PHYSICAL DESCRIPTION
Extent 162 p.;
Dimensions 22cm. (pbk)
942 ## - ADDED ENTRY ELEMENTS (KOHA)
Institution code [OBSOLETE] dpl
Item type English Books
Source of classification or shelving scheme Dewey Decimal Classification
Classification part 362.76
Call number suffix CHI
Holdings
Withdrawn status Lost status Not for loan Collection code Home library Current library Date acquired Source of acquisition Cost, normal purchase price Full call number Barcode Copy number Cost, replacement price Koha item type Public note
      Non-fiction Central Library Central Library 06/05/2024 Gift/29.4.24 0.00 362.76 CHI B-758869 1 0.00 English Books Gift

© Delhi Public Library
Hit Counter
free hit counter